Państwa w języku Czeskim - Statystyki

Ogólne statystyki
  • Ten quiz został rozwiązany 34 razy
  • Średni wynik to 28 z 30
Statystyki odpowiedzi
Nazwa czeska Nazwa polska % Poprawnych
Austrálie Australia
100%
Bělorusko Białoruś
100%
Chorvatsko Chorwacja
100%
Kypr Cypr
100%
Česko Czechy
100%
Finsko Finlandia
100%
Indie Indie
100%
Japonsko Japonia
100%
Keňa Kenia
100%
Lichtenštejnsko Liechtenstein
100%
Lucembursko Luksemburg
100%
Malajsie Malezja
100%
Německo Niemcy
100%
Nový Zéland Nowa Zelandia
100%
Polsko Polska
100%
Rusko Rosja
100%
Jižní Súdán Sudan Południowy
100%
Spojené arabské emiráty Zjednoczone Emiraty Arabskie
100%
Bulharsko Bułgaria
97%
Černá Hora Czarnogóra
97%
Konžská demokratická republika Demokratyczna Republika Konga
97%
Dominikánská republika Dominikana
97%
Guyana Gujana
97%
Írán Iran
97%
Jižní Korea Korea Południowa
97%
Jihoafrická republika Południowa Afryka / Republika Południowej Afryki
94%
Čína Chiny
90%
Maďarsko Węgry
84%
Nizozemsko Holandia
55%
Řecko Grecja
45%
Nie znaleziono quizów pasujących do podanych kryteriów
Rozkład punktacji
Procent ludzi z każdym wynikiem
Percentyl według liczby udzielonych odpowiedzi
Twoja historia wyników
Nie rozwiązałeś tego quizu